Responses for Show #2736 - Monday, June 24, 1996

Contestants

[<< previous game]

Sandy Andina, an attorney from Chicago, Illinois

Pete Brunner, a computer specialist from Ellicott City, Maryland (whose 1-day cash winnings total $7,201)

Karl Coryat, a managing editor from Oakland, California (whose 1-day cash winnings total $16,300)

[next game >>]

Jeopardy! Round responses

GEOLOGISTS
HOLIDAYS & OBSERVANCES
THE ODYSSEY
TV WESTERNS
FURNITURE
HEADS OF STATE
    $100 15
water

Karl
    $100 9
February

Sandy
    $100 8
a cyclops

Sandy
    $100 26
Gunsmoke

Sandy
    $100 5
a Martha Washington

Sandy
    $100 1
Monaco

Karl
    $200 17
Antarctica

Sandy
    $200 10
New Orleans

Karl
    $200 11
Helen of Troy

Karl
    $200 27
(Karl: Who is Hoss?)

Little Joe

KarlPete
    $200 6
ebony

Karl
    $200 2
Poland

Sandy
    $300 18
Canada

Karl
    $300 21
May Day

Sandy
    $300 12
Athena

Karl
    $300 28
Paladin

Karl
    $300 7
(Sandy: What's Queen Anne?)

Queen Victoria (Victorian furniture)

KarlSandy
    $300 3
Indonesia

Sandy
    $400 19
the moon

Pete
    $400 22
(Stephen) Foster

Karl
    $400 13
Penelope

Pete
    $400 29
(Pete: What is "Wagon Trail"?)

Wagon Train

KarlPete
    $400 24
mother-of-pearl

Sandy
    $400 4
(Sandy: What's Spain?)
(Karl: What is Brazil?)

Panama

KarlSandy
Triple Stumper
    $500 20
Pangaea

Karl
    $2,000 23
Halloween

Karl
    $500 14
Circe

Karl
    $500 30
Wanted: Dead or Alive

Triple Stumper
    $500 25
veneer

Sandy
    $500 16
the Ukraine

Karl

Scores at the first commercial break (after clue 15):

Karl Pete Sandy
$1,500 $400 $100

Scores at the end of the Jeopardy! Round:

Karl Pete Sandy
$5,700 $600 $1,600

Double Jeopardy! Round responses

SPANISH CITIES
COLLEGES & UNIVERSITIES
BIRDS
NOTABLE NAMES
THE AMERICAN REVOLUTION
WOMEN AUTHORS
    $200 16
Madrid

Karl
    $200 21
University of Texas

Karl
    $200 26
a pigeon

Karl
    $200 4
the Titanic

Sandy
    $200 1
France

Karl
    $200 8
Anne Rice

Karl
    $400 17
Toledo

Pete
    $400 22
Finland

Sandy
    $400 27
a flamingo

Pete
    $400 5
Chanel

Karl
    $400 2
Paul Revere

Karl
    $400 9
Margaret Truman

Sandy
    $600 18
Segovia

Karl
    $600 23
Illinois

Karl
    $600 28
a penguin

Sandy
    $3,000 13
"The Great"

Karl
    $600 3
Virginia

Sandy
    $600 10
Pollyanna

Sandy
    $800 19
Cartagena

Sandy
    $800 24
Cambridge

Karl
    $800 29
a kiwi

Pete
    $800 14
B.F. Skinner

Sandy
    $800 6
Thomas Paine

Karl
    $800 11
Sara Paretsky

Karl
    $1000 20
Avila

Pete
    $4,000 25
Whittier

Karl
    $1000 30
finches

Pete
    $1000 15
Doolittle

Pete
    $1000 7
Howe

Karl
    $1000 12
(Alex: You knew that, Karl. Select again.)

Eudora Welty

Triple Stumper

Scores at the end of the Double Jeopardy! Round:

Karl Pete Sandy
$19,100 $5,200 $6,000
(lock game)

[wagering suggestions for these scores]

Final Jeopardy! Round responses

U.S. GOVERNMENT
PeteWhat is the ICC
$5,000
SandyWhat is the Dept. of ?
$4,401
KarlWhat is the Interstate Commerce Comm.
$7,000
the Interstate Commerce Commission

Final scores:

Karl Pete Sandy
$26,100 $10,200 $1,599
2-day champion: $42,400 2nd place: Whirlpool appliances 3rd place: RCA digital satellite system

Game dynamics:

Coryat scores:

Karl Pete Sandy
$12,200 $5,200 $6,000
30 R
(including 3 DDs),
2 W
9 R,
1 W
18 R,
2 W

Combined Coryat: $23,400

[game clues] [game scores] [suggest correction]

Game tape date: 1996-02-13
The J! Archive is created by fans, for fans. Scraping, republication, monetization, and malicious use prohibited; this site may use cookies and collect identifying information. See terms. The Jeopardy! game show and all elements thereof, including but not limited to copyright and trademark thereto, are the property of Jeopardy Productions, Inc. and are protected under law. This website is not affiliated with, sponsored by, or operated by Jeopardy Productions, Inc. Join the discussion at JBoard.tv.